000 00830nam a2200205 4500
001 148280
003 ES-MaACL
005 20230906202531.0
007 t|
008 070214s1922 sp r ||||1| spa d
100 1 _aStopes, Marie Carmichael.
_9108318
245 1 0 _aContraconcepción
_b: (regulación de los nacimientos) : su teoría, historia y práctica /
_cpor Marie Carmichael Stopes ; introducción por el prof. Sir William Bayliss ; notas de introducción por Sir James Barr, Dr. C. Rolleston, Dra. Jane Awsthorne y Obscurus.
260 _aBarcelona :
_bRoch,
_c[1922] (
_fImp. Clarasó)
300 _a320 p. ;
_c19 cm.
700 1 _aBayliss, William.
_926680
700 1 _aBarr, James.
_925802
700 1 _aRolleston, C.
_999182
700 1 _aAwsthorne y Obscurus, Jane.
_924093
852 _aES-MaACL
_jA-676
_bR.10522
999 _c148280
_d148280